El Mercado urbano de trabajo y la industria de la construción

Guardat en:
Dades bibliogràfiques
Format: Text
Publicat: Quito: s.e.
Etiquetes: Afegir etiqueta
Sense etiquetes, Sigues el primer a etiquetar aquest registre!

MARC

LEADER 00000 a a2200000 04500
001 22526
003
040
090 |a 153400  
245 |a El Mercado urbano de trabajo y la industria de la construción  
260 |a Quito:   |b s.e.  
300 |a 13 p.  
999 |c 1441  |d 1441